[Event "Gorges op 22th"]
[Site "Gorges"]
[Date "2012.07.09"]
[Round "2"]
[White "Boiziau, Marcel"]
[Black "Colin, Vincent"]
[Result "0-1"]
[WhiteElo "1737"]
[BlackElo "2391"]
[PlyCount "70"]
[EventDate "2012.07.08"]
[EventType "swiss"]
[EventRounds "7"]
[EventCountry "FRA"]
[SourceTitle "CBM 149 Extra"]
[Source "ChessBase"]
[SourceDate "2012.08.24"]
[SourceVersion "1"]
[SourceVersionDate "2012.08.24"]
[SourceQuality "1"]

1. e4 c5 2. c3 g6 3. d4 cxd4 4. cxd4 d5 5. exd5 Nf6 6. Bb5+ Nbd7 7. Nc3 Bg7 8. d6 exd6 9. Bf4 0-0 10. Bxd6 Re8+ 11. Nge2 a6 12. Bd3 Qb6 13. Bf4 Qxb2 14. 0-0 Qa3 15. Re1 b5 16. Qb3 Qa5 17. a4 bxa4 18. Rxa4 Qd8 19. Bc4 Qe7 20. Nd5 Nxd5 21. Bxd5 Ra7 22. Bd6 Qf6 23. Be5 Nxe5 24. dxe5 Qe7 25. Rf4 Be6 26. Nd4 Bxd5 27. Qxd5 Rc7 28. e6 f5 29. Nc6 Qf6 30. Rf3 h6 31. Rfe3 f4 32. e7+ Kh7 33. Re6 Qg5 34. Qd8 f3 35. g3 Rxc6 0-1

[Event "Gorges op 22th"]
[Site "Gorges"]
[Date "2012.07.08"]
[Round "1"]
[White "Delalande, Francois"]
[Black "Boiziau, Marcel"]
[Result "0-1"]
[WhiteElo "1480"]
[BlackElo "1737"]
[PlyCount "92"]
[EventDate "2012.07.08"]
[EventType "swiss"]
[EventRounds "7"]
[EventCountry "FRA"]
[SourceTitle "CBM 149 Extra"]
[Source "ChessBase"]
[SourceDate "2012.08.24"]
[SourceVersion "1"]
[SourceVersionDate "2012.08.24"]
[SourceQuality "1"]

1. d4 d5 2. Nf3 c6 3. e3 Nf6 4. Nbd2 Nbd7 5. c4 e6 6. c5 Qc7 7. h3 e5 8. dxe5 Nxe5 9. Nxe5 Qxe5 10. Nb3 Bf5 11. Qd4 Qc7 12. Bd3 Bxd3 13. Qxd3 Be7 14. 0-0 0-0 15. Bd2 Ne4 16. Bc3 Nxc3 17. Qxc3 Bf6 18. Nd4 Rac8 19. b4 Rfe8 20. Rab1 Re4 21. Qd2 Rce8 22. Nf5 Be7 23. Rfe1 Qd7 24. Nd4 Bf6 25. a4 a6 26. b5 cxb5 27. axb5 Bxd4 28. exd4 Rxe1+ 29. Rxe1 Rxe1+ 30. Qxe1 Qxb5 31. Qe5 Kf8 32. Qxd5 Qc6 33. Qc4 b5 34. Qb4 Ke7 35. f3 Qd5 36. Kf2 Kd7 37. Qb2 Kc6 38. Qa1 Kb7 39. Ke3 Qe6+ 40. Kf2 Qc4 41. Ke3 b4 42. Qa5 Kc8 43. Qa4 Kc7 44. Ke4 Qe2+ 45. Kf4 Qd2+ 46. Ke4 Qe2+ 0-1

[Event "Gorges op 18th"]
[Site "Gorges"]
[Date "2008.07.??"]
[Round "2"]
[White "Boiziau, Marcel"]
[Black "Delorme, Sonia"]
[Result "1/2-1/2"]
[WhiteElo "1820"]
[BlackElo "1630"]
[PlyCount "87"]
[EventDate "2008.07.??"]
[EventType "swiss"]
[EventRounds "7"]
[EventCountry "FRA"]
[SourceTitle "CBM 125 Extra"]
[Source "ChessBase"]
[SourceDate "2008.09.01"]
[SourceVersion "1"]
[SourceVersionDate "2008.09.01"]
[SourceQuality "1"]

1. f4 d5 2. b3 Nc6 3. Bb2 Bf5 4. Nf3 e6 5. d3 Nf6 6. e3 Bc5 7. Qe2 Qe7 8. Nbd2 Nb4 9. Nb1 Bxe3 10. a3 Nxc2+ 11. Qxc2 Bxf4 12. Be5 Bxe5 13. Nxe5 0-0 14. Be2 Qd6 15. Qb2 Nd7 16. Nxd7 Qxd7 17. 0-0 c5 18. Nd2 Rac8 19. Nf3 b5 20. Ne5 Qd6 21. d4 a6 22. Rac1 cxd4 23. Rxc8 Rxc8 24. Qxd4 Qxa3 25. g4 Bg6 26. h4 f6 27. Qb6 Qc5+ 28. Qxc5 Rxc5 29. Nxg6 hxg6 30. Ra1 Rc6 31. Kf2 Kf7 32. Ke3 e5 33. Rd1 Rd6 34. Rc1 Ke6 35. Rc7 Rd7 36. Rc6+ Rd6 37. Rc7 Rd7 38. Rc8 f5 39. h5 gxh5 40. Rc6+ Ke7 41. gxf5 Rd6 42. Rc7+ Rd7 43. Rc6 Rd6 44. Rc7+ 1/2-1/2